000 01006cam a2200277 a 4500
001 12182499
003 OSt
005 20140310183632.0
008 000922s1998 flu d 000 0 eng
010 _a 00708502
020 _a1888777303 (hardcover)
020 _a1888777206 (deluxe)
020 _a1888777532 (pbk.)
040 _aDLC
_cDLC
_dDLC
050 _aAG 5
_b.N532sd 1997
110 _aTrident Press International
245 0 4 _aThe new international Webster's pocket spelling dictionary of the English language /
246 3 0 _aWebster's pocket computer dictionary
260 _a[Naples, Fla.] :
_bTrident Press International,
_c1997.
300 _a318 p. :
_c17 cm.
650 0 _aEnglish language
_xSpelling.
_vDictionaries.
906 _a7
_bcbc
_corignew
_d2
_encip
_f20
_gy-gencatlg
942 _2lcc
_cBK
999 _c25617
_d25617